000 00796nam a22002537a 4500
005 20170124110122.0
010 _aB-181183
020 _c795.00
_a9788174790576
035 _aB-181183
037 _bCen Lib/Ret
040 _aDPL
_bEN
082 _a954.01
_bSHA
100 _aSharma, D. P.
_915515
245 _aPanorama of Harappan civilization /
_cby D. P. Sharma [and] Madhuri Sharma
246 _b
260 _bKaveri Books
_c2003
_aNew Delhi
270 _a4697/5-21A, Ansari Road, Darya Ganj
_bNew Delhi
_e110002
300 _ax,209p. :
_c23cm(Hb)
_bill.
500 _aIncludes bibliographical references
650 _aIndus civilization
_927198
650 _aIndia -- Antiquities
_919756
700 _aSharma, Madhuri
_930847
942 _2ddc
_cEN
_h954.01
_mSHA
999 _c131104
_d131104